00406nam a2200157Ia 4500003000400000005001700004008004100021040001600062082001600078100001800094245003400112260003800146650001200184650003300196650001900229GCL20240530095809.0140319s9999 xx 000 0 eng d aGCL / cGCL04a780.92bR E1 aROBERTY, MARC10aERIC CIAPTON cROBERTY, MARC a[S.N] : bON WORD PRESS ، c199404aGUITASS04aCIAPTON , ERIC PATRICK -194504aGLAYRS - MUSIC